00354cam a2200133 4500020001500000082001700015100001600032245002800048250001300076260005200089300001900141650004700160650001300207 a080140803200a541.39 BELdf1 aBell, R. P.14aThe proton in chemistry a[2d ed.] aIthaca, N.Y.,bCornell University Pressc[1973] a310 p.billus. 0aChemical reaction, Conditions and laws of. 0aProtons.